000 00836cab a2200265 4500
001 WB3112-58
008 090401t1995 xxu||||| |||| 00| 0 eng d
035 _a(Sirsi) u36036
041 _aeng
245 _aInvestment in rail services
260 _c1995
350 _a0
490 _aTimes
_v22 March 1995, 22(1)
520 _aRailway and tube networks need £50bn of investment over the next 20 years if they are to equal the standards of their European competitors according to a report "Investing in British Railways".
650 _aInfrastructure
_96246
650 _aINVESTING IN BRITISH RAILWAYS
650 _aLONDON UNDERGROUND
650 _aRAIL NETWORK
650 _aRAILTRACK
650 _aRAILWAYS
650 _aTUBE NETWORK
690 _aTRANSPORT AND COMMUNICATIONS
942 _n0
948 _c04/03/1997
999 _c23539
_d23539